Diccionario de Botánica

Bewaard in:
Bibliografische gegevens
Hoofdauteur: Font Quer, Pío
Formaat: Boek
Taal:Spaans
Gepubliceerd in: Barcelona Ediciones Península 2009
Editie:Cuarta edición
Onderwerpen:
Tags: Voeg label toe
Geen labels, Wees de eerste die dit record labelt!

MARC

LEADER 00000cam a2200000 a 4500
001 UCE0748
003 CL-VaPUC
005 20240812111040.0
008 140307e20090200sp |||||||||||||||||spa|d
999 |c 354777  |d 354775 
020 |a 9788483073001 
040 |c Pontificia Universidad Católica de Valparaíso 
082 0 4 |a 581.03 FON 2009  |2 21 
100 0 |a Font Quer, Pío  |9 573099 
245 1 0 |a Diccionario de Botánica 
250 |a Cuarta edición 
260 |a Barcelona  |b Ediciones Península  |c 2009 
300 |a 1244 páginas 
583 |a last modification  |c 20140307 11:03:00  |k Rodrigo Vera 
650 0 |a Botánica  |9 264202  |v Diccionario  |x Español 
942 |c BK  |2 ddc 
945 |d 20140307 11:03:00  |a dcastane